Guess the 1970s song lyrics #165 - Statistics

General Stats
  • This quiz has been taken 37 times
  • The average score is 188 of 299
Answer Stats
Answer % Correct
a
100%
I
100%
you
90%
an
87%
it
83%
my
83%
on
83%
and
80%
the
80%
Get
77%
get
77%
me
77%
your
77%
in
73%
love
73%
So
73%
of
70%
for
67%
when
67%
you're
67%
You're
67%
bang
63%
girl
63%
gong
63%
I'm
60%
oh
60%
Well
60%
don't
57%
got
50%
You've
50%
like
47%
with
47%
take
43%
Take
43%
yeah
43%
sweet
40%
back
37%
look
37%
car
33%
dirty
33%
let's
33%
shoes
33%
That's
33%
star
30%
halo
27%
dance
23%
diamond
23%
still
23%
black
20%
hydra
20%
upon
20%
walk
20%
wild
20%
built
17%
cap
17%
hub
17%
teeth
17%
thinking
17%
Clad
13%
meanwhile
13%
ow
13%
truth
13%
chance
10%
cloak
10%
eagles
10%
full
10%
slim
10%
stockings
10%
untamed
10%
windy
10%
youth
10%
blues
7%
understand
7%
weak
7%
No matching quizzes found
Score Distribution
Percent of People with Each Score
Percentile by Number Answered
Your Score History
You have not taken this quiz